| 000 | 01158cam a22001814a 4500 | ||
|---|---|---|---|
| 005 | 20250605164343.0 | ||
| 008 | 250528s ||||||||||||||||||||||||d | ||
| 035 | _a23736 | ||
| 040 |
_aGR-AtMCL _bgre _dGR-AtMCL _eAACR2 |
||
| 245 | 1 | _aΤο Μάρκετινγκ Υπηρεσιών Έννοια Ορισμός και η Χρήση του ως Εργαλείου Εξόδου της Ελλάδας από την Κρίση | |
| 260 | _c2010 | ||
| 300 | _a46 | ||
| 520 | _aΕισαγωγή, Έννοια και Ορισμός των Υπηρεσιών, Ιδιαίτερα Χαρακτηριστικά των Υπηρεσιών και οι Συνέπειες τους στο Μάρκετινγκ, Στρατηγικές Μάρκετινγκ για Επιχειρήσεις Παροχής Υπηρεσιών, Μάρκετινγκ Υπηρεσιών και η Ελληνική Οικονομία, Τουριστικό Μάρκετινγκ, Το Λιανικό Εμπόριο, Επίλογος, Βιβλιογραφία - Αρθογραφία. | ||
| 700 | 1 |
_aΚυβερνήτου Δλεσποινα _99282 |
|
| 942 | _cDS | ||
| 999 |
_c8685 _d8685 |
||